000 01130nam a2200313 i 4500
001 000004213
003 DO-SdBNP
005 20240821141528.0
007 ta
008 090720e1994 dr r 001 0 spa d
020 _a8489525234
040 _aDO-SdBNP
_bspa
_cBNPHU
_erda
082 4 _a349.7293
_bV422h, 1994
_222
100 1 _aVega B., Wenceslao,
_d1932-
_938670
_eautor
245 1 0 _aHistoria del derecho dominicano /
_cWenceslao Vega B.
264 1 _aSanto Domingo :
_bAmigo del Hogar,
_c1994.
300 _ax, 417 páginas :
_b23 cm.
336 _2rdacontent
_atexto
_btxt
337 _2rdamedia
_asin mediación
_bn
338 _2rdacarrier
_avolumen
_bnc
500 _aIncluye datos biográficos del autor en la solapa de la cubierta de la cubierta.
504 _aBibliografía : páginas 379-383
590 _aInventariado, 2024 / BT
650 4 _aDerecho civil
_zRepública Dominicana
_xHistoria
_912432
650 4 _aDerecho
_xLegislación
_zRepública Dominicana
_981420
651 4 _aRepública Dominicana
_xLegislación
_xHistoria
_912433
910 _aVMateo / Validado. Control de calidad. EMS
942 _2ddc
_cLBS1
999 _c4027
_d4027